[Event "South African op"]
[Site "Cape Town"]
[Date "2022.07.16"]
[Round "9"]
[White "Mumba Elijah"]
[Black "Coetsee, Dewald"]
[Result "1-0"]
[WhiteElo "1859"]
[BlackElo "1218"]
[PlyCount "55"]
[EventDate "2022.07.09"]
[EventType "swiss"]
[EventRounds "11"]
[EventCountry "RSA"]
[SourceTitle "CBM 209 Extra"]
[Source "ChessBase"]
[SourceDate "2022.09.30"]
[SourceVersion "1"]
[SourceVersionDate "2022.09.30"]
[SourceQuality "1"]

1. d4 d5 2. e3 e6 3. c3 Nf6 4. f4 c5 5. Bd3 cxd4 6. exd4 Bd6 7. Nf3 Nc6 8. 0-0 Qb6 9. Qe2 0-0 10. Kh1 Re8 11. Ne5 Re7 12. Nd2 Bxe5 13. fxe5 Ne8 14. Qh5 g6 15. Qh4 f5 16. exf6 Rf7 17. Qg5 Qc7 18. Bxg6 hxg6 19. Qxg6+ Kh8 20. Qh6+ Kg8 21. Rf3 Rh7 22. Qg6+ Kf8 23. Nf1 e5 24. Bh6+ Rxh6 25. Qxh6+ Kf7 26. Qh7+ Kf8 27. f7 Nd6 28. Qg8+ 1-0

[Event "South African op"]
[Site "Cape Town"]
[Date "2022.07.15"]
[Round "8"]
[White "Coetsee, Dewald"]
[Black "Willenberg, Roland C"]
[Result "0-1"]
[WhiteElo "1218"]
[BlackElo "1682"]
[PlyCount "62"]
[EventDate "2022.07.09"]
[EventType "swiss"]
[EventRounds "11"]
[EventCountry "RSA"]
[SourceTitle "CBM 209 Extra"]
[Source "ChessBase"]
[SourceDate "2022.09.30"]
[SourceVersion "1"]
[SourceVersionDate "2022.09.30"]
[SourceQuality "1"]

1. e4 c5 2. Nf3 e6 3. d4 cxd4 4. Nxd4 a6 5. Nc3 Qc7 6. a3 Nf6 7. Be3 Nc6 8. f3 b5 9. Be2 Bb7 10. 0-0 Be7 11. Qe1 0-0 12. Qf2 Ne5 13. Rfd1 d5 14. exd5 Nxd5 15. Nxd5 Bxd5 16. b3 Rfc8 17. f4 Nc6 18. Bd3 Bf6 19. Rac1 Nxd4 20. Bxd4 Bxd4 21. Qxd4 Qc5 22. Qxc5 Rxc5 23. Ra1 f5 24. a4 b4 25. Rd2 a5 26. Re1 Kf7 27. Kf2 Kf6 28. g3 h6 29. Re5 Rac8 30. Rde2 g5 31. g4 R5c6 0-1

[Event "RSA-ch U08"]
[Site "Bloemfontein"]
[Date "2016.03.24"]
[Round "9"]
[White "Coetsee, Dewald"]
[Black "Arjunan, Zander"]
[Result "1-0"]
[WhiteElo "679"]
[BlackElo "749"]
[PlyCount "40"]
[EventDate "2016.03.20"]
[EventType "swiss"]
[EventRounds "11"]
[EventCountry "RSA"]
[SourceTitle "CBM 171 Extra"]
[Source "ChessBase"]
[SourceDate "2016.04.26"]
[SourceVersion "1"]
[SourceVersionDate "2016.04.26"]
[SourceQuality "1"]

1. e4 e5 2. Bc4 d6 3. Qf3 Nf6 4. d3 h6 5. Nc3 Be7 6. Nge2 Nbd7 7. 0-0 Nb6 8. Bb5+ Bd7 9. Be3 c5 10. Qg3 Nh5 11. Bxd7+ Qxd7 12. Qf3 Nf6 13. a4 d5 14. a5 d4 15. axb6 dxe3 16. bxa7 b6 17. Qxe3 Rxa7 18. Rxa7 Qxa7 19. Nb5 Qa4 20. b3 Qa6 1-0

[Event "RSA-chT U08"]
[Site "Cape Town"]
[Date "2016.01.07"]
[Round "7.2"]
[White "Baruch, Liam"]
[Black "Coetsee, Dewald"]
[Result "1-0"]
[WhiteElo "977"]
[BlackElo "758"]
[PlyCount "43"]
[EventDate "2016.01.04"]
[EventType "team-tourn"]
[EventRounds "7"]
[EventCountry "RSA"]
[SourceTitle "CBM 170 Extra"]
[Source "ChessBase"]
[SourceDate "2016.02.25"]
[SourceVersion "1"]
[SourceVersionDate "2016.02.25"]
[SourceQuality "1"]
[WhiteTeam "Western Province"]
[BlackTeam "Kenneth Kaunda"]
[WhiteTeamCountry "RSA"]
[BlackTeamCountry "RSA"]

1. e4 e5 2. Nf3 Nf6 3. Bc4 Nc6 4. Ng5 Na5 5. Nxf7 Qe7 6. Nxh8 Nxc4 7. Nc3 d6 8. h3 Bd7 9. d3 Nb6 10. Bg5 g6 11. Qf3 Bg7 12. Nxg6 hxg6 13. 0-0 Bc6 14. Rfe1 Bh8 15. Qg3 Nbd7 16. Nb5 Qd8 17. c3 a6 18. Na3 Nc5 19. d4 exd4 20. cxd4 Ncd7 21. e5 dxe5 22. dxe5 1-0